000
00327pab a2200133 454500
008
180718b2006 xxu||||| |||| 00| 0 eng d
100
_a
Falk, Richard
245
_a
International law and the future
260
_c
2006
300
_a
p.727-37.
650
_a
International law
773
_a
Third World Quarterly
909
_a
72910
999
_c
72910
_d
72910